[Event "Las Americas op U1800 Hybrid"]
[Site "Internet"]
[Date "2022.06.04"]
[Round "2.34"]
[White "Ubilluz Pena, Jaiden Andres"]
[Black "Berenstein, Gustavo"]
[Result "0-1"]
[WhiteElo "1421"]
[BlackElo "1645"]
[PlyCount "132"]
[EventDate "2022.06.04"]
[EventType "swiss"]
[EventRounds "6"]
[EventCountry "VEN"]
[SourceTitle "EXT 2024"]
[Source "ChessBase"]
[SourceDate "2023.10.10"]
[SourceVersion "1"]
[SourceVersionDate "2023.10.10"]
[SourceQuality "1"]

1. e4 e6 2. Qe2 c5 3. Nf3 Nc6 4. Nc3 d6 5. g3 Nge7 6. Bg2 g6 7. 0-0 Bg7 8. d3 0-0 9. Bf4 a6 10. a4 e5 11. Be3 Nd4 12. Bxd4 cxd4 13. Nd5 Nxd5 14. exd5 f5 15. Nd2 Re8 16. Nc4 h5 17. a5 Qe7 18. Rfe1 Bd7 19. Qd2 Bb5 20. b3 Bxc4 21. bxc4 h4 22. Rab1 hxg3 23. hxg3 Qc7 24. Rb6 Rab8 25. Qb4 Bf8 26. Rb1 Red8 27. Bh3 Re8 28. g4 f4 29. Qe1 g5 30. Qe4 Kg7 31. Qf5 Be7 32. Bg2 Rf8 33. Qe4 Qd7 34. Bf3 Rfc8 35. Qe2 Bd8 36. R6b3 Bxa5 37. Be4 Rh8 38. Bf5 Qc7 39. Kg2 Rh6 40. Qe4 b6 41. Be6 Rf8 42. R3b2 f3+ 43. Kg3 Rf4 44. c5 Rxe4 45. cxb6 Qb7 46. dxe4 Bc3 47. Ra2 a5 48. Rb5 Kf6 49. Bf5 Bb4 50. Ra4 Rh1 51. Rbxb4 axb4 52. Rxb4 Rc1 53. Rb2 Ra1 54. Bd7 Ra3 55. Bc6 Qh7 56. Rb3 Qh4+ 57. Kxf3 Qh3+ 58. Ke2 Rxb3 59. cxb3 Qxb3 60. b7 Ke7 61. Kd2 Kd8 62. Ke2 Kc7 63. f4 Qe3+ 64. Kd1 Qxf4 65. Ke2 Qxe4+ 66. Kd2 Qxg4 0-1

[Event "South America-ch U12 17th"]
[Site "Guayaquil"]
[Date "2022.01.25"]
[Round "1"]
[White "Jaramillo Buele, Diego Misael"]
[Black "Ubilluz Pena, Jaiden Andres"]
[Result "0-1"]
[WhiteElo "1222"]
[BlackElo "1498"]
[PlyCount "115"]
[EventDate "2022.01.25"]
[EventType "swiss"]
[EventRounds "9"]
[EventCountry "ECU"]
[SourceTitle "CBM 206 Extra"]
[Source "ChessBase"]
[SourceDate "2022.03.31"]
[SourceVersion "1"]
[SourceVersionDate "2022.03.31"]
[SourceQuality "1"]

1. e4 c5 2. Nf3 Nc6 3. d4 cxd4 4. Nxd4 g6 5. c4 Bg7 6. Be3 Nh6 7. f3 f5 8. Nc3 0-0 9. exf5 Nxf5 10. Nxf5 Rxf5 11. Be2 Qf8 12. 0-0 Re5 13. Bf2 d6 14. Bg3 Rf5 15. Bd3 Rf7 16. Be4 Ne5 17. Qb3 Kh8 18. Rad1 Qd8 19. c5 Rf8 20. cxd6 exd6 21. Kh1 a5 22. Qd5 Qe7 23. Qxd6 Qxd6 24. Rxd6 Nc4 25. Rd3 Nxb2 26. Re3 Bd4 27. Re2 Bxc3 28. Bd5 Bf5 29. Rc1 Bg7 30. Bxb7 Rae8 31. Rxe8 Rxe8 32. h3 Be5 33. Bxe5+ Rxe5 34. Be4 Bxe4 35. fxe4 Rxe4 36. Rc8+ Kg7 37. g4 Re3 38. g5 Rxh3+ 39. Kg2 Ra3 40. Rc7+ Kf8 41. Rc8+ Kf7 42. Rc7+ Ke6 43. Rxh7 Rxa2 44. Rh6 Kf5 45. Rh8 Kxg5 46. Rb8 Kg4 47. Rg8 Nd3+ 48. Kg1 g5 49. Rb8 Nf4 50. Re8 Kf3 51. Kf1 g4 52. Ke1 g3 53. Rg8 g2 54. Rxg2 Nxg2+ 55. Kd1 Ne3+ 56. Kc1 Ke2 57. Kb1 Rd2 58. Kc1 0-1

[Event "South America-ch U20"]
[Site "Guayaquil"]
[Date "2021.11.04"]
[Round "4"]
[White "Ubilluz Pena, Jaiden Andres"]
[Black "Quinde Rizzo, Hugo Josue"]
[Result "1-0"]
[WhiteElo "1430"]
[BlackElo "1515"]
[PlyCount "73"]
[EventDate "2021.11.02"]
[EventType "swiss"]
[EventRounds "9"]
[EventCountry "ECU"]
[SourceTitle "CBM 205 Extra"]
[Source "ChessBase"]
[SourceDate "2022.01.31"]
[SourceVersion "1"]
[SourceVersionDate "2022.01.31"]
[SourceQuality "1"]

1. e4 c5 2. Nf3 Nc6 3. d4 cxd4 4. Nxd4 Nf6 5. Nc3 e5 6. Ndb5 d6 7. Bg5 a6 8. Bxf6 gxf6 9. Na3 b5 10. Nd5 f5 11. Bd3 Be6 12. c4 bxc4 13. Nxc4 Bg7 14. Qa4 0-0 15. Qxc6 fxe4 16. Bxe4 f5 17. Nc7 Bf7 18. Nxa8 fxe4 19. Nab6 d5 20. Nd6 Qf6 21. Nd7 Qg6 22. Nxf8 Bxf8 23. Qxa6 Bxd6 24. 0-0 d4 25. Qc8+ Kg7 26. a4 Be6 27. Qb7+ Kh6 28. a5 Bh3 29. g3 Qf5 30. Rfe1 e3 31. fxe3 d3 32. Qd5 Bb4 33. a6 d2 34. Rf1 Qg5 35. Qc6+ Kh5 36. Qf3+ Kg6 37. Qf7+ 1-0